00827nam a2200193 a 450000100100000000500170001000800410002702000180006804000250008608200110011124500750012226000370019730000270023459000280026195201090028995201090039895201090050799900170061600004704320201002053318.0180412s2016 dr a 000 spa d a9789945123708 aDO-SdBNPbspacBNPHU axxxbF 0aFormación integral, humana y religiosa 5 :. :bEducación primaria. aSanto Domingo :bSusaeta,c2016. a143 p. :bil ;c29 cm. aInventariado, 2018 / DG 0010718PDaGRbGRcHDd2018-04-12iLF1l0oxxx Fp47043-30r2020-06-25w2020-06-25yLFPDZNo se presta 0010718PDaPDbPDcHDd2018-04-12iLF1l0oxxx Fp47043-10r2020-06-25w2020-06-25yLFPDZNo se presta 0010718PDaPDbPDcHDd2018-04-12iLF1l0oxxx Fp47043-20r2020-06-25w2020-06-25yLFPDZNo se presta c46531d46531